[Event "Vienna op 14th"]
[Site "Vienna"]
[Date "2003.08.24"]
[Round "9"]
[White "Thoma, Wilhelm"]
[Black "Stajcic, Nikola"]
[Result "0-1"]
[WhiteElo "2155"]
[BlackElo "2302"]
[PlyCount "144"]
[EventDate "2003.08.16"]
[EventType "swiss"]
[EventRounds "9"]
[EventCountry "AUT"]
[SourceTitle "CBM 095 Extra"]
[Source "ChessBase"]
[SourceDate "2003.09.04"]
[SourceVersion "1"]
[SourceVersionDate "2003.09.04"]
[SourceQuality "1"]

1. d4 Nf6 2. Nf3 c5 3. d5 g6 4. c4 b5 5. cxb5 a6 6. bxa6 Bxa6 7. Nc3 d6 8. e4 Bxf1 9. Kxf1 Bg7 10. g3 0-0 11. Kg2 Nbd7 12. h3 Qa5 13. Re1 Rfb8 14. e5 dxe5 15. Nxe5 Nxe5 16. Rxe5 Ra7 17. Qe2 Kf8 18. Bf4 Ne8 19. Re4 Rb4 20. Re1 Rxe4 21. Qxe4 Bxc3 22. bxc3 Qxc3 23. Bh6+ Kg8 24. Rc1 Qa5 25. Rb1 Qd8 26. Qe5 Rc7 27. Rb6 Qa8 28. Kg1 c4 29. Rc6 Rd7 30. Bd2 Nf6 31. Rxc4 Rxd5 32. Qc3 Qxa2 33. Rd4 Qb1+ 34. Kh2 Rxd4 35. Qxd4 Qe4 36. Qd8+ Kg7 37. Bc3 Qf3 38. Qd2 h6 39. Kg1 g5 40. Qb2 Kg6 41. Bd4 Ne4 42. Qb6+ f6 43. Qd8 Nxg3 44. fxg3 Qxg3+ 45. Kf1 Qxh3+ 46. Kg1 Qe6 47. Bf2 h5 48. Qc7 Qe4 49. Bc5 Kf7 50. Qb6 h4 51. Qb3+ Qe6 52. Qc2 Kg7 53. Qc1 Qe4 54. Qa3 Kf7 55. Qa2+ Qe6 56. Qc2 Kg7 57. Qc3 g4 58. Qb4 Kf7 59. Bxe7 Qe3+ 60. Kf1 Qf3+ 61. Ke1 Qe3+ 62. Kf1 Qf3+ 63. Ke1 Qh1+ 64. Kd2 g3 65. Bc5 Qd5+ 66. Ke2 h3 67. Qb6 Qe4+ 68. Kd1 Qf3+ 69. Kc2 h2 70. Qc7+ Kg6 71. Bf8 Qe2+ 72. Kc3 Qe5+ 0-1

[Event "Vienna op 14th"]
[Site "Vienna"]
[Date "2003.08.22"]
[Round "7"]
[White "Neubauer, Martin"]
[Black "Stajcic, Nikola"]
[Result "1-0"]
[WhiteElo "2417"]
[BlackElo "2302"]
[PlyCount "27"]
[EventDate "2003.08.16"]
[EventType "swiss"]
[EventRounds "9"]
[EventCountry "AUT"]
[SourceTitle "CBM 095 Extra"]
[Source "ChessBase"]
[SourceDate "2003.09.04"]
[SourceVersion "1"]
[SourceVersionDate "2003.09.04"]
[SourceQuality "1"]

1. e4 e6 2. d4 d5 3. Nc3 Bb4 4. exd5 exd5 5. Bd3 c6 6. Nge2 Ne7 7. Ng3 Be6 8. 0-0 Nd7 9. Nce2 Bd6 10. Nf4 Bxf4 11. Bxf4 Qb6 12. Bd6 Qxd4 13. Re1 g6 14. Rxe6 1-0

[Event "Vienna op 14th"]
[Site "Vienna"]
[Date "2003.08.19"]
[Round "4"]
[White "Stajcic, Nikola"]
[Black "Riedner, Martin"]
[Result "1/2-1/2"]
[WhiteElo "2302"]
[BlackElo "2169"]
[PlyCount "91"]
[EventDate "2003.08.16"]
[EventType "swiss"]
[EventRounds "9"]
[EventCountry "AUT"]
[SourceTitle "CBM 095 Extra"]
[Source "ChessBase"]
[SourceDate "2003.09.04"]
[SourceVersion "1"]
[SourceVersionDate "2003.09.04"]
[SourceQuality "1"]

1. d4 f5 2. g3 Nf6 3. Bg2 g6 4. b3 Bg7 5. Bb2 0-0 6. Nd2 c6 7. Ngf3 d6 8. 0-0 Na6 9. c4 Qe8 10. Qc2 h6 11. Rfe1 Qf7 12. a3 Bd7 13. Nh4 Nh5 14. e4 f4 15. e5 g5 16. Nhf3 Bf5 17. Qc1 g4 18. Nh4 f3 19. Bf1 dxe5 20. Nxf5 Qxf5 21. dxe5 Nc5 22. Qb1 Rad8 23. Qxf5 Rxf5 24. Bc3 Nd3 25. Bxd3 Rxd3 26. Rac1 Bxe5 27. Bxe5 Rxd2 28. Re4 Kf7 29. Bc3 Rd3 30. Rxg4 Nf6 31. Rd4 Rxd4 32. Bxd4 c5 33. Be3 h5 34. h3 Nd7 35. Rd1 Ke6 36. g4 hxg4 37. hxg4 Rf8 38. g5 b6 39. Kh2 Ne5 40. Kg3 Kf5 41. Rd5 e6 42. Rd1 Nf7 43. Kxf3 Nxg5+ 44. Ke2 Rf7 45. f3 Rh7 46. Bxg5 1/2-1/2

[Event "Vienna op 14th"]
[Site "Vienna"]
[Date "2003.08.18"]
[Round "3"]
[White "Bakker, Sven"]
[Black "Stajcic, Nikola"]
[Result "1/2-1/2"]
[WhiteElo "2175"]
[BlackElo "2302"]
[PlyCount "62"]
[EventDate "2003.08.16"]
[EventType "swiss"]
[EventRounds "9"]
[EventCountry "AUT"]
[SourceTitle "CBM 095 Extra"]
[Source "ChessBase"]
[SourceDate "2003.09.04"]
[SourceVersion "1"]
[SourceVersionDate "2003.09.04"]
[SourceQuality "1"]

1. d4 Nf6 2. c4 d6 3. Nc3 Nbd7 4. e4 e5 5. d5 Nc5 6. f3 a5 7. Be3 Bd7 8. Bd3 Nxd3+ 9. Qxd3 Be7 10. Nge2 0-0 11. g4 Ne8 12. Ng3 g6 13. 0-0-0 Bh4 14. Rdg1 f6 15. Kb1 Rf7 16. Bf2 Kh8 17. Nd1 Ng7 18. Ne3 Qe7 19. Ng2 Bxg3 20. hxg3 f5 21. Nh4 Kg8 22. gxf5 gxf5 23. Rh2 fxe4 24. Qxe4 Qf6 25. g4 Qf4 26. Bg3 Qxe4+ 27. fxe4 Raf8 28. Nf5 Nxf5 29. gxf5 Rg7 30. Rhg2 Kf7 31. Bh4 Rxg2 1/2-1/2

[Event "AUT-chT 9798"]
[Site "Austria"]
[Date "1997.11.08"]
[Round "4"]
[White "Stajcic, Nikola"]
[Black "Hoelzl, Franz"]
[Result "0-1"]
[WhiteElo "2315"]
[BlackElo "2440"]
[PlyCount "90"]
[EventDate "1997.10.12"]
[EventType "team-tourn"]
[EventRounds "11"]
[EventCountry "AUT"]
[SourceTitle "CBM 063 ext"]
[Source "ChessBase"]
[SourceDate "1998.04.29"]
[SourceVersion "1"]
[SourceVersionDate "1998.04.29"]
[SourceQuality "1"]
[WhiteTeam "Graz Austria"]
[BlackTeam "Klagenfurt"]
[WhiteTeamCountry "AUT"]
[BlackTeamCountry "AUT"]

1. d4 Nf6 2. c4 e6 3. Nf3 d5 4. g3 dxc4 5. Bg2 a6 6. 0-0 b5 7. Ne5 Nd5 8. a4 Bb7 9. axb5 axb5 10. Rxa8 Bxa8 11. e4 Nf6 12. Nc3 c6 13. Bg5 Be7 14. Qa1 Bb7 15. Qa7 Qc8 16. d5 0-0 17. dxe6 fxe6 18. Bh3 Na6 19. Be3 Bd6 20. Nf3 Re8 21. e5 Bb8 22. Qd4 Nd7 23. Rd1 Nf8 24. Qg4 c5 25. Ne4 Bxe4 26. Qxe4 Nb4 27. Rd2 h6 28. Nh4 Qc6 29. Qxc6 Nxc6 30. Bxc5 Nxe5 31. f4 Nd3 32. Bxf8 Kxf8 33. Bf1 Nc5 34. Bg2 Rc8 35. Nf3 b4 36. Rc2 Na4 37. Nd2 c3 38. bxc3 bxc3 39. Ne4 e5 40. fxe5 Bxe5 41. Kf1 Ke7 42. Ke2 Nb2 43. Nf2 Bd4 44. Nd3 Kd6 45. Be4 Re8 0-1

[Event "AUT-chT 9596"]
[Site "Austria"]
[Date "1996.??.??"]
[Round "?"]
[White "Bischoff, Klaus"]
[Black "Stajcic, Nikola"]
[Result "1-0"]
[WhiteElo "2520"]
[BlackElo "2325"]
[PlyCount "113"]
[EventDate "1995.??.??"]
[EventType "team"]
[EventRounds "11"]
[EventCountry "AUT"]
[SourceTitle "CBM 052 Extra"]
[Source "ChessBase"]
[SourceDate "1996.07.01"]
[SourceVersion "1"]
[SourceVersionDate "1996.07.01"]
[SourceQuality "1"]

1. c4 Nf6 2. Nc3 e5 3. Nf3 Nc6 4. g3 d5 5. cxd5 Nxd5 6. Bg2 Nb6 7. 0-0 Be7 8. a3 0-0 9. b4 Re8 10. d3 a5 11. b5 Nd4 12. Nd2 Rb8 13. e3 Ne6 14. Nf3 f6 15. Qc2 Bf8 16. Rd1 Qe7 17. Bb2 Rd8 18. Ne4 a4 19. d4 exd4 20. Nxd4 Nxd4 21. Bxd4 Be6 22. Rdc1 Bb3 23. Qxc7 Qxc7 24. Rxc7 Nc4 25. Nc5 Bxc5 26. Bxc5 b6 27. Bb4 Nd6 28. Bf1 Ne4 29. Rac1 Rd1 30. Rxd1 Bxd1 31. Bg2 Ng5 32. Bd5+ Kh8 33. h4 Nf3+ 34. Kg2 Ne5 35. Bc3 Be2 36. Bxe5 fxe5 37. Bc4 Bd1 38. Re7 Bb3 39. Rc7 g6 40. Bxb3 axb3 41. Rc3 b2 42. Rb3 Ra8 43. Rxb2 Rxa3 44. Rd2 Rb3 45. Rd5 e4 46. g4 Kg7 47. Kg3 Kf7 48. Rd7+ Ke6 49. Rxh7 Rxb5 50. g5 Re5 51. Kf4 Rf5+ 52. Kxe4 Rxf2 53. Rg7 Kd6 54. Rxg6+ Kc5 55. h5 b5 56. h6 Rh2 57. Rg8 1-0

[Event "AUT-chT 9596"]
[Site "Austria"]
[Date "1996.??.??"]
[Round "?"]
[White "Stajcic, Nikola"]
[Black "Horvath, Csaba"]
[Result "1/2-1/2"]
[WhiteElo "2325"]
[BlackElo "2540"]
[PlyCount "45"]
[EventDate "1995.??.??"]
[EventType "team"]
[EventRounds "11"]
[EventCountry "AUT"]
[SourceTitle "CBM 052 Extra"]
[Source "ChessBase"]
[SourceDate "1996.07.01"]
[SourceVersion "1"]
[SourceVersionDate "1996.07.01"]
[SourceQuality "1"]

1. d4 Nf6 2. Nf3 g6 3. g3 Bg7 4. Bg2 0-0 5. 0-0 d6 6. c4 Nbd7 7. Qc2 e5 8. Rd1 Qe7 9. dxe5 dxe5 10. Nc3 c6 11. e4 Nb6 12. b3 Bg4 13. a4 Nbd7 14. Ba3 Nc5 15. a5 b6 16. Na4 Rfb8 17. h3 Bxf3 18. Bxf3 Bf8 19. axb6 axb6 20. Nxc5 bxc5 21. Bb2 Rxa1 22. Rxa1 Ne8 23. h4 1/2-1/2

[Event "AUT-chT 9596"]
[Site "Austria"]
[Date "1996.??.??"]
[Round "?"]
[White "Stajcic, Nikola"]
[Black "Schroll, Gerhard"]
[Result "1/2-1/2"]
[WhiteElo "2325"]
[BlackElo "2380"]
[PlyCount "22"]
[EventDate "1995.??.??"]
[EventType "team"]
[EventRounds "11"]
[EventCountry "AUT"]
[SourceTitle "CBM 052 Extra"]
[Source "ChessBase"]
[SourceDate "1996.07.01"]
[SourceVersion "1"]
[SourceVersionDate "1996.07.01"]
[SourceQuality "1"]

1. d4 Nf6 2. c4 g6 3. Nc3 Bg7 4. e4 d6 5. Nf3 0-0 6. h3 e5 7. dxe5 dxe5 8. Qxd8 Rxd8 9. Bg5 c6 10. Nxe5 Re8 11. 0-0-0 h5 1/2-1/2

[Event "Mitropa Cup 16th"]
[Site "Buekfuerdo"]
[Date "1995.??.??"]
[Round "6"]
[White "Bosboom, Manuel"]
[Black "Stajcic, Nikola"]
[Result "1-0"]
[WhiteElo "2430"]
[BlackElo "2350"]
[PlyCount "79"]
[EventDate "1995.02.27"]
[EventType "team-tourn"]
[EventRounds "9"]
[EventCountry "HUN"]
[SourceTitle "CBM 046 Extra"]
[Source "ChessBase"]
[SourceDate "1995.07.01"]
[SourceVersion "1"]
[SourceVersionDate "1995.07.01"]
[SourceQuality "1"]

1. e4 e5 2. Bc4 Nf6 3. d3 Bc5 4. Nf3 d6 5. 0-0 0-0 6. c3 Bb6 7. Nbd2 Nc6 8. a4 a6 9. h3 h6 10. Re1 Re8 11. Nf1 d5 12. exd5 Nxd5 13. Ng3 Be6 14. Qb3 f6 15. Qc2 Qd7 16. Ne4 Qf7 17. b4 Rad8 18. a5 Ba7 19. b5 axb5 20. Bxb5 Bd7 21. Qb3 Rb8 22. Bxh6 gxh6 23. Qxd5 Be6 24. Bxc6 Bxd5 25. Bxd5 Re6 26. Nxf6+ Qxf6 27. Rxe5 Rbe8 28. Rae1 Kg7 29. Bxe6 Re7 30. d4 c6 31. Rf5 Qg6 32. Re4 Qe8 33. Rg4+ Kh8 34. Ne5 Rg7 35. Bf7 Qc8 36. Bg6 Qe6 37. Rf8+ Rg8 38. Rxg8+ Qxg8 39. Nf7+ Kg7 40. Bd3+ 1-0

[Event "Mitropa Cup 16th"]
[Site "Buekfuerdo"]
[Date "1995.??.??"]
[Round "7"]
[White "Costa, Jean Luc"]
[Black "Stajcic, Nikola"]
[Result "1-0"]
[WhiteElo "2425"]
[BlackElo "2350"]
[PlyCount "95"]
[EventDate "1995.02.27"]
[EventType "team-tourn"]
[EventRounds "9"]
[EventCountry "HUN"]
[SourceTitle "CBM 046 Extra"]
[Source "ChessBase"]
[SourceDate "1995.07.01"]
[SourceVersion "1"]
[SourceVersionDate "1995.07.01"]
[SourceQuality "1"]

1. d4 d5 2. c4 dxc4 3. e3 e5 4. Bxc4 exd4 5. exd4 Nf6 6. Qb3 Qe7+ 7. Ne2 Qb4+ 8. Nbc3 Qxb3 9. Bxb3 Bd6 10. Bg5 Nbd7 11. Nb5 Ne4 12. Bf4 Bb4+ 13. Nec3 0-0 14. 0-0 Bxc3 15. bxc3 c6 16. Nc7 Nxc3 17. Rfe1 Rb8 18. Rac1 Nb5 19. Nxb5 cxb5 20. Bxb8 Nxb8 21. Rc7 g6 22. Ree7 Na6 23. Bxf7+ Kh8 24. Rc1 Nb4 25. Bb3 Nc6 26. Rc7 Bf5 27. Rxb7 Nxd4 28. Rcc7 g5 29. Rxa7 g4 30. Bd5 b4 31. Ra8 Rxa8 32. Bxa8 Ne2+ 33. Kf1 Nc3 34. Rxc3 bxc3 35. Ke2 Be6 36. a4 Bc4+ 37. Ke3 Ba6 38. Be4 Kg7 39. Bd3 Bb7 40. g3 h6 41. Kd4 Kf6 42. Kxc3 Ke5 43. Be2 Bc8 44. Kd3 h5 45. Ke3 Kf5 46. a5 Bb7 47. a6 Ba8 48. f4 1-0

[Event "SVK-ch"]
[Site "Trencin"]
[Date "1995.??.??"]
[Round "1"]
[White "Detko, Jan"]
[Black "Stajcic, Nikola"]
[Result "0-1"]
[WhiteElo "2100"]
[BlackElo "2325"]
[PlyCount "80"]
[EventDate "1995.??.??"]
[EventType "swiss"]
[EventRounds "11"]
[EventCountry "SVK"]
[SourceTitle "EXT 1997"]
[Source "ChessBase"]
[SourceDate "1996.11.15"]
[SourceVersion "1"]
[SourceVersionDate "1996.11.15"]
[SourceQuality "1"]

1. e4 e5 2. Nc3 Nf6 3. f4 d6 4. Nf3 exf4 5. d4 Nh5 6. Bc4 g6 7. Qe2 Bg7 8. Bd2 Nc6 9. 0-0-0 Bg4 10. e5 0-0 11. Qf2 Bxf3 12. gxf3 dxe5 13. d5 Nd4 14. Ne2 Nf5 15. Bb4 Ne3 16. Bxf8 Qxf8 17. Bb3 a5 18. a4 Nxd1 19. Rxd1 Nf6 20. Nc3 Qe7 21. Qe2 Ne8 22. Qb5 Nd6 23. Qc5 Kf8 24. Nb5 Nxb5 25. Qxb5 Qb4 26. Qd7 Qd6 27. Qb5 b6 28. Rd3 e4 29. fxe4 Re8 30. Qc4 Qc5 31. d6 Qxc4 32. Bxc4 cxd6 33. Rxd6 Rxe4 34. Bd5 Re5 35. c4 Rf5 36. Rxb6 f3 37. Bxf3 Rxf3 38. c5 Be5 39. b4 axb4 40. a5 Rc3+ 0-1

[Event "Mitropa Cup 16th"]
[Site "Buekfuerdo"]
[Date "1995.??.??"]
[Round "4"]
[White "Stajcic, Nikola"]
[Black "Fogarasi, Tibor"]
[Result "0-1"]
[WhiteElo "2350"]
[BlackElo "2500"]
[PlyCount "64"]
[EventDate "1995.02.27"]
[EventType "team-tourn"]
[EventRounds "9"]
[EventCountry "HUN"]
[SourceTitle "CBM 046 Extra"]
[Source "ChessBase"]
[SourceDate "1995.07.01"]
[SourceVersion "1"]
[SourceVersionDate "1995.07.01"]
[SourceQuality "1"]

1. d4 Nf6 2. Nf3 c5 3. d5 d6 4. Nc3 Qa5 5. Nd2 b5 6. e4 b4 7. Ncb1 g6 8. b3 Bg7 9. Bb2 0-0 10. Be2 Qc7 11. 0-0 e6 12. Bf3 exd5 13. exd5 Nbd7 14. Nc4 Bb7 15. a3 Rfe8 16. axb4 cxb4 17. Re1 Bxd5 18. Rxe8+ Rxe8 19. Bxd5 Nxd5 20. Bxg7 Kxg7 21. Qd4+ N5f6 22. Nbd2 d5 23. Rxa7 Re1+ 24. Nf1 Qc5 25. Qxc5 Nxc5 26. Nce3 d4 27. Nc4 Rc1 28. Rc7 Nce4 29. f3 Nc3 30. Ne5 Nfd5 31. Rxf7+ Kg8 32. Rd7 Ne3 0-1

[Event "Pardubice op"]
[Site "Pardubice"]
[Date "1995.??.??"]
[Round "?"]
[White "Stajcic, Nikola"]
[Black "Galdunts, Sergey"]
[Result "0-1"]
[WhiteElo "2325"]
[BlackElo "2450"]
[PlyCount "82"]
[EventDate "1995.07.??"]
[EventType "swiss"]
[EventRounds "9"]
[EventCountry "CZE"]
[SourceTitle "EXT 1997"]
[Source "ChessBase"]
[SourceDate "1996.11.15"]
[SourceVersion "1"]
[SourceVersionDate "1996.11.15"]
[SourceQuality "1"]

1. d4 Nf6 2. Nf3 e6 3. c4 b6 4. a3 Bb7 5. Nc3 d5 6. Bg5 Nbd7 7. e3 h6 8. Bh4 Be7 9. cxd5 exd5 10. Bd3 0-0 11. 0-0 Ne4 12. Bxe7 Qxe7 13. Rc1 c5 14. Bb1 Rac8 15. dxc5 Nxc3 16. Rxc3 bxc5 17. Bf5 Rc7 18. Bxd7 Rxd7 19. Qa4 d4 20. exd4 cxd4 21. Rd3 Rfd8 22. Re1 Qc5 23. b4 Qf5 24. Qd1 Be4 25. Rd2 d3 26. Nh4 Qd5 27. f3 Bh7 28. g3 Qd4+ 29. Kf1 Rc7 30. Ng2 Qc3 31. Nf4 g5 32. Nh3 Qxa3 33. f4 Qxb4 34. fxg5 Bf5 35. Nf2 hxg5 36. Re5 Rc5 37. Rxc5 Qxc5 38. Qe1 a5 39. Ra2 a4 40. Qd2 Bd7 41. Ne4 Bh3+ 0-1

[Event "Budapest FS04 GM"]
[Site "Budapest"]
[Date "1995.??.??"]
[Round "3"]
[White "Stajcic, Nikola"]
[Black "Gonzalez Garcia, Jose"]
[Result "0-1"]
[WhiteElo "2350"]
[BlackElo "2360"]
[PlyCount "58"]
[EventDate "1995.04.??"]
[EventType "tourn"]
[EventRounds "9"]
[EventCountry "HUN"]
[EventCategory "7"]
[SourceTitle "CBM 046 Extra"]
[Source "ChessBase"]
[SourceDate "1995.07.01"]
[SourceVersion "1"]
[SourceVersionDate "1995.07.01"]
[SourceQuality "1"]

1. d4 Nf6 2. c4 g6 3. Nc3 Bg7 4. e4 d6 5. Nf3 0-0 6. Be2 e5 7. 0-0 Nc6 8. d5 Ne7 9. Ne1 Nd7 10. Be3 f5 11. f3 f4 12. Bf2 g5 13. a4 Ng6 14. Nb5 Nf6 15. Nxa7 Bd7 16. Nb5 g4 17. Nd3 g3 18. hxg3 Nh5 19. gxf4 exf4 20. Qe1 Qg5 21. Kh2 Qh6 22. Kg1 Qg5 23. Kh2 Bxb5 24. cxb5 Ne5 25. Rh1 Nxd3 26. Bxd3 Ng3 27. Bxg3 fxg3+ 28. Kg1 Bd4+ 29. Kf1 Rxf3+ 0-1

[Event "SVK-ch"]
[Site "Trencin"]
[Date "1995.??.??"]
[Round "6"]
[White "Stajcic, Nikola"]
[Black "Kebis, Milos"]
[Result "1-0"]
[WhiteElo "2325"]
[BlackElo "2150"]
[PlyCount "39"]
[EventDate "1995.??.??"]
[EventType "swiss"]
[EventRounds "11"]
[EventCountry "SVK"]
[SourceTitle "EXT 1997"]
[Source "ChessBase"]
[SourceDate "1996.11.15"]
[SourceVersion "1"]
[SourceVersionDate "1996.11.15"]
[SourceQuality "1"]

1. d4 Nf6 2. Nf3 e6 3. g3 c5 4. Bg2 Nc6 5. 0-0 d5 6. c4 dxc4 7. Ne5 Nb4 8. a3 Nbd5 9. dxc5 Qc7 10. e4 Qxe5 11. exd5 Bxc5 12. Qa4+ Bd7 13. Qxc4 Rc8 14. Qb3 0-0 15. Bf4 Qf5 16. Nc3 exd5 17. Nxd5 Nxd5 18. Bxd5 b6 19. Rad1 Rfe8 20. Bxf7+ 1-0

[Event "Kecskemet"]
[Site "Kecskemet"]
[Date "1994.??.??"]
[Round "?"]
[White "Bjerring, Kai"]
[Black "Stajcic, Nikola"]
[Result "1/2-1/2"]
[WhiteElo "2395"]
[BlackElo "2350"]
[PlyCount "46"]
[EventDate "1994.11.??"]
[EventType "tourn"]
[EventRounds "11"]
[EventCountry "HUN"]
[EventCategory "7"]
[SourceTitle "CBM 045 Extra"]
[Source "ChessBase"]
[SourceDate "1995.05.01"]
[SourceVersion "1"]
[SourceVersionDate "1995.05.01"]
[SourceQuality "1"]

1. e4 c6 2. d4 d5 3. Nc3 dxe4 4. Nxe4 Nd7 5. Bd3 Ngf6 6. Ng5 e6 7. N1f3 Bd6 8. 0-0 0-0 9. Re1 h6 10. Ne4 Nxe4 11. Bxe4 Nf6 12. Bd3 c5 13. dxc5 Bxc5 14. Ne5 b6 15. Qf3 Qd5 16. Qxd5 exd5 17. c3 Re8 18. Bf4 Ne4 19. Bxe4 dxe4 20. Nc4 Ba6 21. Nd6 Bxd6 22. Bxd6 g5 23. Rad1 Rad8 1/2-1/2

[Event "Graz op"]
[Site "Graz"]
[Date "1994.??.??"]
[Round "5"]
[White "Cebalo, Miso"]
[Black "Stajcic, Nikola"]
[Result "1-0"]
[WhiteElo "2485"]
[BlackElo "2350"]
[PlyCount "71"]
[EventDate "1994.09.??"]
[EventType "swiss"]
[EventRounds "9"]
[EventCountry "AUT"]
[SourceTitle "EXT 1998"]
[Source "ChessBase"]
[SourceDate "1997.11.17"]
[SourceVersion "1"]
[SourceVersionDate "1997.11.17"]
[SourceQuality "1"]

1. d4 d5 2. c4 c6 3. Nf3 Nf6 4. Nc3 a6 5. Ne5 e6 6. Bg5 dxc4 7. Nxc4 b5 8. Ne5 Bb7 9. Rc1 Be7 10. e3 Nbd7 11. Be2 Nxe5 12. dxe5 Nd7 13. Bxe7 Qxe7 14. f4 Rd8 15. Qc2 c5 16. 0-0 0-0 17. a4 b4 18. Ne4 Bxe4 19. Qxe4 a5 20. Bf3 Rc8 21. Qb7 Rfe8 22. Rfd1 Nb8 23. Qb5 g5 24. Rd6 gxf4 25. exf4 f6 26. Qc4 Kh8 27. Rcd1 fxe5 28. fxe5 Qg5 29. Re1 Rf8 30. Qxe6 c4 31. Qg4 Qe7 32. Qd4 c3 33. bxc3 Rxc3 34. e6+ Kg8 35. h4 Rcxf3 36. gxf3 1-0

[Event "AUT-ch"]
[Site "Austria"]
[Date "1994.??.??"]
[Round "4"]
[White "Ebner, Hubert"]
[Black "Stajcic, Nikola"]
[Result "0-1"]
[WhiteElo "2265"]
[BlackElo "2350"]
[PlyCount "134"]
[EventDate "1994.??.??"]
[EventType "swiss"]
[EventRounds "9"]
[EventCountry "AUT"]
[SourceTitle "EXT 1999"]
[Source "ChessBase"]
[SourceDate "1998.11.16"]
[SourceVersion "1"]
[SourceVersionDate "1998.11.16"]
[SourceQuality "1"]

1. c4 Nf6 2. Nc3 e6 3. Nf3 Bb4 4. Qb3 c5 5. g3 Nc6 6. a3 Ba5 7. Bg2 0-0 8. 0-0 a6 9. Rd1 Qc7 10. d3 h6 11. Be3 d6 12. d4 cxd4 13. Bxd4 Nxd4 14. Rxd4 Bb6 15. Rd3 Ba7 16. Rad1 Rd8 17. e3 Rb8 18. Nd2 b5 19. cxb5 d5 20. Qa4 Nd7 21. Qf4 Qxf4 22. gxf4 axb5 23. b4 g5 24. Nb3 gxf4 25. exf4 Nf6 26. Ne2 Bd7 27. Rc1 Rdc8 28. Nc5 Bxc5 29. Rxc5 Kf8 30. Rdc3 Rd8 31. Bf3 Ne8 32. Nd4 Nd6 33. Nc6 Bxc6 34. Rxc6 Nc4 35. Bh5 Rdc8 36. Ra6 Ra8 37. Rxa8 Rxa8 38. f5 e5 39. Rd3 d4 40. f4 f6 41. Rg3 e4 42. Rg6 Ra6 43. Rxh6 Kg7 44. Rg6+ Kh7 45. Rg4 d3 46. Bg6+ Kh8 47. Rh4+ Kg8 48. Rh7 Rd6 49. Re7 Rd8 50. Rxe4 d2 51. Bh5 d1Q+ 52. Bxd1 Rxd1+ 53. Kf2 Nxa3 54. Kg3 Nc4 55. Kg4 Kf7 56. h4 Nd6 57. Re6 Rd5 58. h5 Nxf5 59. Rb6 Nd6 60. Rc6 Kg7 61. Rc7+ Kh6 62. Rc6 f5+ 63. Kh4 Rd4 64. Kg3 Kxh5 65. Kf3 Rd5 66. Rb6 Nc4 67. Rb8 Nb2 0-1

[Event "Graz op"]
[Site "Graz"]
[Date "1994.??.??"]
[Round "3"]
[White "Ibragimov, Ildar"]
[Black "Stajcic, Nikola"]
[Result "1-0"]
[WhiteElo "2525"]
[BlackElo "2350"]
[PlyCount "55"]
[EventDate "1994.09.??"]
[EventType "swiss"]
[EventRounds "9"]
[EventCountry "AUT"]
[SourceTitle "EXT 1998"]
[Source "ChessBase"]
[SourceDate "1997.11.17"]
[SourceVersion "1"]
[SourceVersionDate "1997.11.17"]
[SourceQuality "1"]

1. c4 Nf6 2. Nc3 c6 3. e4 d5 4. exd5 cxd5 5. d4 e6 6. Nf3 Bb4 7. Bd3 0-0 8. 0-0 Nbd7 9. cxd5 exd5 10. Qb3 Bxc3 11. bxc3 Re8 12. Bf4 Nf8 13. Rfe1 Ng6 14. Bg5 Rxe1+ 15. Rxe1 h6 16. Bxf6 gxf6 17. Qb5 Ne7 18. Nh4 a6 19. Qb2 Qc7 20. Qd2 Kg7 21. Re3 Ng8 22. Rg3+ Kh8 23. Bc2 Qc4 24. Rxg8+ Kxg8 25. Qxh6 Qc7 26. Bh7+ Kh8 27. Be4+ Kg8 28. Ng6 1-0

[Event "AUT-ch"]
[Site "Austria"]
[Date "1994.??.??"]
[Round "8"]
[White "Loebler, Heimo"]
[Black "Stajcic, Nikola"]
[Result "1-0"]
[WhiteElo "2245"]
[BlackElo "2350"]
[PlyCount "67"]
[EventDate "1994.??.??"]
[EventType "swiss"]
[EventRounds "9"]
[EventCountry "AUT"]
[SourceTitle "EXT 1999"]
[Source "ChessBase"]
[SourceDate "1998.11.16"]
[SourceVersion "1"]
[SourceVersionDate "1998.11.16"]
[SourceQuality "1"]

1. d4 Nf6 2. c4 d6 3. Nf3 Nbd7 4. Nc3 e5 5. g3 Be7 6. Bg2 0-0 7. 0-0 Re8 8. h3 Bf8 9. e4 c6 10. Be3 a6 11. Qc2 b5 12. cxb5 cxb5 13. b4 Bb7 14. d5 Rc8 15. Nd2 Nb6 16. Qb3 Nc4 17. Nxc4 Rxc4 18. Rfc1 Bc8 19. a4 Bd7 20. axb5 axb5 21. Bf1 Rc7 22. Nxb5 Rxc1 23. Rxc1 Nxe4 24. Nc7 Re7 25. Qc4 Nf6 26. b5 Bc8 27. Qc6 Ne8 28. Nxe8 Rxe8 29. b6 Qe7 30. Qxc8 Rxc8 31. Rxc8 Qb7 32. Rc7 Qxd5 33. b7 Qb3 34. Ba7 1-0

[Event "Graz op"]
[Site "Graz"]
[Date "1994.??.??"]
[Round "9"]
[White "Loebler, Heimo"]
[Black "Stajcic, Nikola"]
[Result "1-0"]
[WhiteElo "2245"]
[BlackElo "2350"]
[PlyCount "75"]
[EventDate "1994.09.??"]
[EventType "swiss"]
[EventRounds "9"]
[EventCountry "AUT"]
[SourceTitle "EXT 1998"]
[Source "ChessBase"]
[SourceDate "1997.11.17"]
[SourceVersion "1"]
[SourceVersionDate "1997.11.17"]
[SourceQuality "1"]

1. d4 Nf6 2. c4 e6 3. Nc3 Bb4 4. Qc2 0-0 5. a3 Bxc3+ 6. Qxc3 b6 7. Bg5 c5 8. dxc5 bxc5 9. e3 d6 10. f3 Nbd7 11. Nh3 a5 12. Be2 Qb6 13. Rd1 h6 14. Bh4 d5 15. Rd2 Bb7 16. 0-0 Rfe8 17. Bf2 Bc6 18. Rc1 a4 19. Nf4 Rec8 20. Rcd1 Qb7 21. cxd5 exd5 22. Bd3 Rd8 23. Bf5 c4 24. Bh4 Re8 25. Bxd7 Nxd7 26. Nxd5 Bxd5 27. Rxd5 Nf8 28. e4 Rec8 29. Bf2 Rab8 30. Bd4 Ne6 31. Be5 Qa7+ 32. Kh1 Rb3 33. Qd2 Nc5 34. Qf2 Qa5 35. Qg3 g6 36. Qh3 Qa8 37. Qxh6 Ne6 38. Qh8# 1-0

[Event "SVK-ch"]
[Site "Topolcianky"]
[Date "1994.??.??"]
[Round "11"]
[White "Petran, Peter"]
[Black "Stajcic, Nikola"]
[Result "1/2-1/2"]
[WhiteElo "2410"]
[BlackElo "2360"]
[PlyCount "72"]
[EventDate "1994.??.??"]
[EventType "swiss"]
[EventRounds "11"]
[EventCountry "SVK"]
[SourceTitle "EXT 1998"]
[Source "ChessBase"]
[SourceDate "1997.11.17"]
[SourceVersion "1"]
[SourceVersionDate "1997.11.17"]
[SourceQuality "1"]

1. g3 d5 2. Bg2 Nf6 3. Nf3 c6 4. d3 Bg4 5. Nbd2 Nbd7 6. b3 e5 7. h3 Bxf3 8. Bxf3 Bd6 9. Bb2 0-0 10. e4 Re8 11. 0-0 Qe7 12. a3 dxe4 13. Nxe4 Nxe4 14. Bxe4 Rad8 15. Re1 Nc5 16. Bg2 Qd7 17. Qh5 f6 18. h4 Qf7 19. Qg4 Ne6 20. b4 Bc7 21. Red1 Nd4 22. c4 f5 23. Qh3 Qh5 24. Bf1 Re6 25. Bxd4 Rxd4 26. Re1 Rg6 27. Kh2 Qf3 28. Ra2 f4 29. Re4 fxg3+ 30. fxg3 Rd8 31. Qg2 Rf6 32. Be2 Qf2 33. Ra1 Rd4 34. Rf1 Qxg2+ 35. Kxg2 Rxe4 36. dxe4 Rxf1 1/2-1/2